Представление документа в формате MARC21

ПолеНазваниеЗначение
  Тип записи a
  Библиографический уровень m
001 Контрольный номер BIBLIOCLUB\0000721089
005 Дата корректировки 20260430154904.9
006 m o d
007 Элементы данных для физической характеристики c|||||||||||||
008 Кодируемые данные s2024 rus o rus d
020 Индекс ISBN __
a ISBN 978-5-7882-3489-2
041 Код языка издания 0_
a Код языка текста rus
084 Индекс другой классификации/Индекс ББК __
a Индекс другой классификации/Индекс ББК 16.63я73
b Номер единицы LBC/PL
2 Источник индекса rubbk
084 Индекс другой классификации/Индекс ББК __
a Индекс другой классификации/Индекс ББК 31.19-056я73
b Номер единицы LBC/PL
2 Источник индекса rubbk
100 Автор 1_
a Автор Цвенгер И. Г.
245 Заглавие 10
a Заглавие Машинное обучение в энергоснабжении
b Продолж. заглавия учебное пособие
c Ответственность И. Г. Цвенгер
c Ответственность Казанский национальный исследовательский технологический университет
260 Выходные данные __
a Место издания Казань
b Издательство Казанский национальный исследовательский технологический университет (КНИТУ)
c Дата издания 2024
300 Физическое описание __
a Объем 112 с.
b Иллюстрации/ тип воспроизводства ил., табл.
504 Библиография __
a Библиография Библиогр. в кн
653 Ключевые слова 1_
a Ключевые слова Учебник для высшей школы
856 Электронный адрес документа 40
3 Область применения данных поля Университетская библиотека ONLINE
u URL https://biblioclub.ru/index.php?page=book&id=721089
900 Электронные ресурсы __
a Имя электронного ресурса https://img.biblioclub.ru/sm_cover/53ba078b70a0bead190087f2c293ae14w6ahqd5nn6/cover.jpg